<?xml version="1.0" encoding="UTF-8"?>
<record
    xmlns:xsi="http://www.w3.org/2001/XMLSchema-instance"
    xsi:schemaLocation="http://www.loc.gov/MARC21/slim http://www.loc.gov/standards/marcxml/schema/MARC21slim.xsd"
    xmlns="http://www.loc.gov/MARC21/slim">

  <leader>02184nam a22002657a 4500</leader>
  <controlfield tag="005">20240305165551.0</controlfield>
  <controlfield tag="007">cr||||   |||| </controlfield>
  <controlfield tag="008">201023s2011    do |||||s|||| 00||0 spa d</controlfield>
  <datafield tag="020" ind1=" " ind2=" ">
    <subfield code="a">978-9945-8715-6-2</subfield>
  </datafield>
  <datafield tag="035" ind1=" " ind2=" ">
    <subfield code="a">32100</subfield>
  </datafield>
  <datafield tag="040" ind1=" " ind2=" ">
    <subfield code="a">vLex</subfield>
  </datafield>
  <datafield tag="090" ind1=" " ind2=" ">
    <subfield code="c">10788</subfield>
    <subfield code="d">10788</subfield>
  </datafield>
  <datafield tag="100" ind1="1" ind2=" ">
    <subfield code="a">Rodr&#xED;guez Carpio, Benjam&#xED;n</subfield>
  </datafield>
  <datafield tag="245" ind1="1" ind2="0">
    <subfield code="a">Derecho Notarial</subfield>
    <subfield code="h">[Recurso electr&#xF3;nico] :</subfield>
    <subfield code="b">Teor&#xED;a - Pr&#xE1;ctica - Legislaci&#xF3;n Fiscal /</subfield>
    <subfield code="c">Benjam&#xED;n Rodr&#xED;guez Carpio</subfield>
  </datafield>
  <datafield tag="250" ind1=" " ind2=" ">
    <subfield code="a">2da. Edici&#xF3;n</subfield>
  </datafield>
  <datafield tag="256" ind1=" " ind2=" ">
    <subfield code="a">Servicio en l&#xED;nea</subfield>
  </datafield>
  <datafield tag="260" ind1=" " ind2=" ">
    <subfield code="a">Santo Domingo:</subfield>
    <subfield code="b">Gaceta Judicial,</subfield>
    <subfield code="c">2011</subfield>
  </datafield>
  <datafield tag="300" ind1=" " ind2=" ">
    <subfield code="a">1 recurso electr&#xF3;nico</subfield>
  </datafield>
  <datafield tag="500" ind1=" " ind2=" ">
    <subfield code="a">Presentada en un formato atractivo y de f&#xE1;cil lectura, esta obra es b&#xE1;sicamente un estudio de la Ley del Notariado, No. 301 de 1964, en el que su autor procura resaltar aquellos aspectos de mayor inter&#xE9;s sobre el ejercicio notarial en el medio jur&#xED;dico dominicano. A fin de satisfacer las necesidades acad&#xE9;micas y de consulta de abogados, estudiantes y aspirantes a notarios, se citan algunas leyes que se relacionan con cada art&#xED;culo de la Ley del Notariado; se incluyen citas doctrinales y jurisprudenciales, as&#xED; como 23 formularios usuales para la redacci&#xF3;n de actos aut&#xE9;nticos, tales como: &#x93;Acto de p&#xFA;blica notoriedad para fines de determinaci&#xF3;n de herederos&#x94;, &#x93;Acto de estipulaciones y convenciones para divorcio por mutuo consentimiento&#x94;, &#x93;Doble Factura de Inscripci&#xF3;n Hipotecaria&#x94;, &#x93;Acto de venta de derechos sucesorales sobre terrenos registrados&#x94;, &#x93;Acto de donaci&#xF3;n entre vivos&#x94;, &#x93;Consentimiento de los padres o abuelos para un menor contraer matrimonio&#x94;, entre otros.</subfield>
  </datafield>
  <datafield tag="506" ind1="1" ind2=" ">
    <subfield code="a">Disponible solo en los productos indicados</subfield>
    <subfield code="d">vLex Global</subfield>
    <subfield code="d">vLex Global (Academic Edition, excluding Law Schools)</subfield>
    <subfield code="d">vLex Global (U.S. Academic Edition, Law Schools)</subfield>
    <subfield code="d">vLex Global (U.S. Academic Edition, excluding Law Schools)</subfield>
    <subfield code="d">vLex Global (Academic Edition, Law Schools)</subfield>
  </datafield>
  <datafield tag="650" ind1="0" ind2="4">
    <subfield code="a">Resoluciones DG de los Registros y del Notariado</subfield>
    <subfield code="z">Rep&#xFA;blica Dominicana</subfield>
  </datafield>
  <datafield tag="740" ind1="0" ind2=" ">
    <subfield code="a">vLex Libros (Servicio en l&#xED;nea)</subfield>
  </datafield>
  <datafield tag="856" ind1="4" ind2="0">
    <subfield code="u">https://app.vlex.com/#/sources/derecho-notarial-teoria-practica-legislacion-fiscal-2da-edicion-32100</subfield>
  </datafield>
  <datafield tag="942" ind1=" " ind2=" ">
    <subfield code="c">RAA</subfield>
  </datafield>
  <datafield tag="952" ind1=" " ind2=" ">
    <subfield code="0">0</subfield>
    <subfield code="1">0</subfield>
    <subfield code="4">0</subfield>
    <subfield code="7">0</subfield>
    <subfield code="8">VLEX</subfield>
    <subfield code="9">326983</subfield>
    <subfield code="a">BD-UIN</subfield>
    <subfield code="b">BD-UIN</subfield>
    <subfield code="d">2024-03-05</subfield>
    <subfield code="l">0</subfield>
    <subfield code="p">32100</subfield>
    <subfield code="r">2024-03-05</subfield>
    <subfield code="w">2024-03-05</subfield>
    <subfield code="y">RAA</subfield>
  </datafield>
  <datafield tag="999" ind1=" " ind2=" ">
    <subfield code="c">169024</subfield>
    <subfield code="d">169024</subfield>
  </datafield>
</record>
